[Event "Colombo Katubedda op"]
[Site "Colombo"]
[Date "2023.07.01"]
[Round "6"]
[White "Gunaratne, Mojitha Sathsara"]
[Black "Illankoon, IMWP"]
[Result "1-0"]
[WhiteElo "1802"]
[BlackElo "1258"]
[PlyCount "89"]
[EventDate "2023.06.29"]
[EventType "swiss"]
[EventRounds "9"]
[EventCountry "SRI"]
[SourceTitle "EXT 2024"]
[Source "ChessBase"]
[SourceDate "2023.10.10"]
[SourceVersion "1"]
[SourceVersionDate "2023.10.10"]
[SourceQuality "1"]

1. d4 f5 2. g3 Nf6 3. Bg2 e6 4. c4 Be7 5. Nc3 d6 6. Nf3 0-0 7. 0-0 a5 8. Qc2 Nc6 9. e4 e5 10. dxe5 dxe5 11. exf5 Ng4 12. h3 Bxf5 13. Qb3 e4 14. Nh4 Nge5 15. Nxf5 Rxf5 16. Nxe4 Nd4 17. Qa4 Ndf3+ 18. Bxf3 Nxf3+ 19. Kg2 Qd4 20. Qc2 Re5 21. Kxf3 Rf8+ 22. Bf4 g5 23. Rad1 Qb6 24. Rd5 Rxd5 25. cxd5 gxf4 26. g4 Bh4 27. Rd1 Re8 28. d6 cxd6 29. Rxd6 Qb4 30. a3 Qe1 31. Rd1 Qxe4+ 32. Qxe4 Rxe4 33. Kxe4 Bxf2 34. Kxf4 b6 35. b3 Bc5 36. a4 Kg7 37. Kf5 Kf7 38. Rd7+ Kg8 39. Kf6 h6 40. Kg6 Bf8 41. Rd8 b5 42. axb5 a4 43. bxa4 h5 44. gxh5 Kh8 45. Rxf8# 1-0